000 00392nam a2200133Ia 4500
008 151001s9999||||xx |||||||||||||| ||und||
100 _aनरेंद्र कोहली
245 _aपांच एन्सड उपचार
250 _a1
260 _bभारतीय प्रकाशन संस्था
260 _c1997
300 _a107
365 _b18
999 _c984164
_d984161